Znižovanie materiálových strát v potravinárskom podniku pomocou Lean 6 Sigma diplomová práca

Uložené v:
Podrobná bibliografia
Hlavný autor: Dilongová, Monika
Médium: Kniha
Jazyk:Slovak
Vydavateľské údaje: Bratislava STU FCHPT 2013
On-line prístup:View in OPAC
Tagy: Pridať tag
Žiadne tagy, Buďte prvý, kto otaguje tento záznam!

MARC

LEADER 00000nam a2200000 a 4500
005 20260127134148.0
008 130716 2013 000 0 slo d
035 |a vtls010527903 
039 9 |y 201307161143  |z mschk03 
040 |a STUSCHK1  |b slo  |c STUSCHK1  |e AACR2 
100 1 |a Dilongová, Monika 
245 1 |a Znižovanie materiálových strát v potravinárskom podniku pomocou Lean 6 Sigma  |b diplomová práca  |c Monika Dilongová 
260 |a Bratislava  |b STU FCHPT  |c 2013 
300 |a 95 s.  |b il., tab.  |c 30 cm 
500 |a Obhájené: 11.06.2013 
500 |a Štud. odbor: potravinárstvo 
500 |a Škol. prac.: Oddelenie výživy a hodnotenia potravín 
500 |a Evid. číslo: FCHPT-5465-58751 
910 |a SCHK95 
999 |c 5509  |d 5509